Missing Word: Deadly Things II Quiz Stats

 Plays Quiz Updated Feb 24, 2019

Score 0/16 Timer 02:00
0 Plays Today
Hint Word % Correct
A Matter of ____ and DeathLife
99.1%
Night of the ___ DeadLiving
95%
Live free or ____Die
94.9%
I ____ You to DeathLove
93.8%
Death ____ National ParkValley
89.4%
Nothing is certain but death and ____Taxes
87.9%
____ DeathSudden
87.7%
A ____ worse than deathFate
86.5%
Hint Word % Correct
Death Becomes ____Her
81.9%
Life ____ deathAfter
80%
Death on the ____Nile
78.5%
Give me ____ or give me deathLiberty
76.9%
___ Never DiesTomorrow
65.6%
Death ____Wish
57.2%
____ by DeathMurder
42.8%
The Death of ____ IlyichIvan
37.3%

Today's Daily Dose

You're not logged in!

Compare scores with friends on all Sporcle quizzes.
OR
Log In

Sporcle TV

Today on Sporcle TV


Watch our educational content, quiz creation guides, and fun videos on Sporcle TV.

Show Comments

Extras

Top Quizzes Today


Score Distribution

Your Account Isn't Verified!

In order to create a playlist on Sporcle, you need to verify the email address you used during registration. Go to your Sporcle Settings to finish the process.

Report this User

Report this user for behavior that violates our Community Guidelines.

Details: